Detalles MARC
| 000 -LÍDER |
| Campo fijo de descripción fija |
02745nam a2200361 i 4500 |
| 001 - NÚMERO DE CONTROL |
| Campo de control |
768714001 |
| 003 - IDENTIFICADOR DEL NÚMERO DE CONTROL |
| Campo de control |
CO-MdFUSB |
| 005 - FECHA Y HORA DE LA ULTIMA TRANSACCIÓN |
| control field |
20200908155403.0 |
| 007 - CAMPO FIJO DE DESCRIPCIÓN FIJA--INFORMACIÓN GENERAL |
| Campo fijo de descripción fija |
ta |
| 008 - ELEMENTOS DE LONGITUD FIJA -- INFORMACIÓN GENERAL |
| Campo fijo de descripción fija -- Información general |
200324t2011 -us||||| |||| 00| 0 eng d |
| 020 ## - NÚMERO INTERNACIONAL NORMALIZADO PARA LIBROS |
| Número Internacional Normalizado del libro |
9780801045585 |
| 040 ## - FUENTE DE CATALOGACIÓN |
| Agencia de catalogación original |
CO-MdFUSB |
| Idioma de catalogación |
spa |
| Agencia que realiza la transcripción |
CO-MdFUSB |
| Agencia que realiza la modificación |
CO-MdFUSBC |
| Convenciones de la descripción |
rda |
| 041 ## - CÓDIGO DE IDIOMA |
| Código de idioma para texto/pista de sonido o título separado |
eng |
| 082 ## - NÚMERO DE CLASIFICACIÓN DECIMAL DEWEY |
| Número de la edición del Dewey |
23 |
| Número de clasificación |
225.92 |
| Clave de autor-Numero de item |
B351 |
| 100 ## - ASIENTO PRINCIPAL--NOMBRE PERSONAL |
| Nombre personal |
Baur, Ferdinand Christian. |
| Término relacionador |
autor |
| 242 ## - TRADUCCIÓN DEL TÍTULO POR AGENCIA CATALOGADORA |
| Título |
Pablo el Apostol de Jesucristo su trabajo, sus Epistolas y enseñanzas |
| Idioma del título original |
inglès |
| 245 ## - TÍTULO |
| Título del Material |
Paul the apostle of Jesus Christ his life and Works |
| Parte restante del título - Subtitulo |
: His epistles and teachings. |
| Mención de responsabilidad, etc. |
/ Baur, Ferdinand Christian. |
| 264 #1 - PRODUCCIÓN, PUBLICACIÓN, DISTRIBUCIÓN, MANUFACTURA, Y COPYRIGHT |
| Lugar de producción, publicación, distribución, manufactura |
Estados Unidos : |
| Nombre del productor, publicador, distribuidor |
Baker Academic, |
| Fecha de producción, publicación, distribución, manufactura, o copyright |
[2011] |
| 264 #4 - PRODUCCIÓN, PUBLICACIÓN, DISTRIBUCIÓN, MANUFACTURA, Y COPYRIGHT |
| Fecha de producción, publicación, distribución, manufactura, o copyright |
© 2011 |
| 300 ## - DESCRIPCIÓN FÍSICA |
| Extensión |
340 pàginas |
| Dimensiones |
; 22 cm |
| 336 ## - TIPO DE CONTENIDO |
| Fuente |
rdacontent |
| Término de tipo de contenido |
texto |
| Código de tipo de contenido |
txt |
| 337 ## - TIPO DE MEDIO |
| Fuente |
rdamedia |
| Nombre del tipo de medio |
sin mediación |
| Código del tipo de medio |
n |
| 338 ## - TIPO DE SOPORTE |
| Fuente |
rdacarrier |
| Nombre del tipo de soporte |
volumen |
| Código Tipo de soporte |
nc |
| 500 ## - NOTA GENERAL |
| Nota General |
Colección Dawn Christina Harrell |
| 500 ## - NOTA GENERAL |
| Nota General |
2 Volúmenes en 1 |
| 505 ## - NOTA DE CONTENIDO |
| Nota de contenido con formato preestablecido |
Vida y obra del apóstol Pablo, introducción - La iglesia en Jerusalén antes de la conversión del apóstol - Esteban, el predecesor del apóstol Pablo - La conversión del apóstol Pablo - El primer viaje misionero del apóstol - - Las transacciones entre el Apóstol Pablo y los Apóstoles mayores en Jerusalén - El segundo viaje misionero del Apóstol - El Apóstol en Atenas, Corinto, Éfeso - Su viaje a Jerusalén por Mileto - El arresto del Apóstol en Jerusalén - - El Apóstol en Roma - Su encarcelamiento y martirio - Pt. 2: Las Epístolas del Apóstol Pablo, introducción - La Epístola a los Gálatas - Las dos Epístolas a los Corintios - La Epístola a los Romanos - Volumen 2: Segunda clase de Epístolas Paulinas - Las Epístolas a los Efesios y Colosenses - La Epístola a los Filipenses - La Epístola a Filemón - Las Epístolas a los Tesalonicenses - Las Epístolas Pastorales - Observaciones generales sobre las Epístolas Paulinas más pequeñas - Pt. 3: La doctrina del Apóstol, introducción - El principio de la conciencia cristiana - La doctrina de la Justificación: en su aspecto negativo - La doctrina de la Justificación: en su aspecto positivo - Cristo como principio de la sociedad fundada por Él - La relación del cristianismo con el judaísmo y el paganismo - El cristianismo como un nuevo principio del desarrollo histórico del mundo - Fe, amor y esperanza: los tres factores de la conciencia cristiana - Discusión especial de ciertos puntos menores de doctrina - Sobre ciertos rasgos del carácter del Apóstol. |
| 563 ## - NOTA DE ENCUADERNACIÓN |
| Nota de encuadernación |
Rústico |
| 600 #7 - ASIENTO SECUNDARIO DE MATERIA - NOMBRE PERSONAL |
| Nombre personal |
Pablo, |
| Títulos y otros términos asociados al nombre |
Apóstol |
| Subdivisión general |
Vida social y costumbres |
| 650 #0 - ASIENTO SECUNDARIO DE MATERIA - TERMINO TEMÁTICO |
| 9 (RLIN) |
360 |
| Término temático o nombre geográfico como elemento de entrada |
Biblia |
| Término temático que sigue al nombre geográfico como elemento de entrada |
Evidencias, autoridad, etc. |
| 942 ## - TIPO DE MATERIAL (KOHA) |
| Tipo de Item KOHA |
Libros General |
| 945 ## - INFORMACIÓN LOCAL DEL REGISTRO |
| Catalogador |
JTF-925 |
| Revisión registro |
AEM-53 |